In quale squadra NON ha giocato? - Quiz n°5 - Statistics

Statistiche generali
  • Questo quiz è stato fatto 11 volte
  • Il punteggio medio è 4 su 6
Statistiche sulle risposte
Domanda Risposta % Corretto
Kwadwo Asamoah Fiorentina
100%
Dimităr Berbatov Paris Saint-Germain
100%
Eric Bailly Las Palmas
75%
Erling Haaland Manchester United
75%
Vicente Crystal Palace
50%
Petr Čech Slavia Praga
0%
Nessun quiz corrispondente trovato
Distribuzione punteggi
Percentuale di utenti per punteggio
Percentile per numero di risposta
I tuoi punteggi nel tempo
Non hai fatto questo quiz